|
|
|
|
| LEADER |
00000nam2a2200000 4500 |
| 001 |
274328 |
| 005 |
20231031230303.0 |
| 035 |
|
|
|a (RuTPU)RU\TPU\book\297538
|
| 035 |
|
|
|a RU\TPU\book\157602
|
| 090 |
|
|
|a 274328
|
| 100 |
|
|
|a 20141105d1985 k y0rusy50 ca
|
| 101 |
0 |
|
|a rus
|
| 102 |
|
|
|a UA
|
| 105 |
|
|
|a a z 001zy
|
| 200 |
0 |
|
|a Вып. 16
|
| 210 |
|
|
|d 1985
|
| 215 |
|
|
|a 131 с.
|c ил.
|
| 320 |
|
|
|a Библиография в конце глав
|
| 461 |
|
1 |
|0 (RuTPU)RU\TPU\book\167695
|t Фундаментальные основы оптической памяти и среды
|o республиканский межведомственный научный сборник
|f Киевский государственный университет ; под ред. Н. Г. Находкина
|v Вып. 16
|d 1969-1991
|
| 606 |
1 |
|
|a Информация
|x Обработка на вычислительных машинах
|x Оптические методы
|2 stltpush
|3 (RuTPU)RU\TPU\subj\12981
|
| 610 |
1 |
|
|a оптическая память
|
| 610 |
1 |
|
|a среда
|
| 610 |
1 |
|
|a информационные свойства
|
| 610 |
1 |
|
|a шумы
|
| 610 |
1 |
|
|a физические процессы
|
| 610 |
1 |
|
|a изображения
|
| 675 |
|
|
|a 681.327.68
|v 3
|
| 801 |
|
1 |
|a RU
|b 63413507
|c 20081016
|g PSBO
|
| 801 |
|
2 |
|a RU
|b 63413507
|c 20170119
|g PSBO
|
| 942 |
|
|
|c BK
|